Gedanken von der Bestimmung des Menschen durch Gott

Myšlienky o určení človeka Bohom. Nová osveta Európy; rieši v nej otázku opätovného uvedenia kresťanstva do kultúry a osvety do Európy

Bibliographic Details
Format: Manuscript Book
Language:German
PhysicalDescription:98 nečíslovaných strán rukopis, viazaný 25 cm
Published: [Miesto vzniku nie je známe] [1800?]
Subjects:

MARC

LEADER 00000ctmaa2200000 a 4500
001 vtls011905962
003 SK-MaSNL
005 20260302060401.0
008 230802s1800 xx || 000n1 ger
035 |a urn:nbn:sk:snk-tm00em3y 
035 |a urn:nbn:sk:snk-tm3n403 
035 |a 0EEF5B66-00F5-4666-AA05-37223507ADDA 
040 |a SNKLA  |b slo  |c SNKLA  |e AACR2 
041 0 |a ger 
044 |a xx 
072 7 |a 2  |x Náboženstvo  |2 konspekt 
072 7 |a 316.7  |x Sociológia kultúry. Kultúrny život  |2 konspekt 
072 7 |a 27-78  |x Kresťanské združenia, spolky a organizácie. Rehoľné rády  |2 konspekt 
080 |a 27-475.5  |2 2011 
080 |a 025.171  |2 2011 
080 |a 27  |2 2011 
080 |a 316.7  |2 2011 
080 |a 37.011  |2 2001 
080 |a (048.8)  |2 2011 
245 0 0 |a Gedanken von der Bestimmung des Menschen durch Gott 
260 |a [Miesto vzniku nie je známe]  |c [1800?] 
300 |a 98 nečíslovaných strán  |b rukopis, viazaný  |c 25 cm 
500 |a Na chrbte knihy na bielom štítku 1525 
520 2 |a Myšlienky o určení človeka Bohom. Nová osveta Európy; rieši v nej otázku opätovného uvedenia kresťanstva do kultúry a osvety do Európy 
555 0 |a Inventár rukopisov Archívu literatúry a umenia Slovenskej národnej knižnice. Rukopisy historických knižníc na Slovensku III (Marianka). Slovenská národná knižnica 2009 
561 |a Oválna pečiatka: Sigillum Conventus Malackaensis P.P. Franciscor 
610 2 7 |a Františkáni (Malacky, Slovensko)  |b Mariánska provincia  |2 SNKLA  |9 348552 
650 0 7 |a kresťanstvo  |2 SNKPH  |9 2024 
650 0 7 |a kultúra  |2 SNKPH  |9 886 
650 0 7 |a osveta  |2 SNKPH  |9 16992 
651 7 |a Európa  |2 SNKPHgeo  |9 167569 
655 7 |a štúdie  |2 SNKPH  |9 57033 
655 7 |a rukopisy  |2 SNKPH  |9 70548 
852 |a Slovenská národná knižnica  |b Literárny archív 
958 |a ZH 
958 |a LAVD 
999 |c 1121049  |d 1122979 
952 |a SNKLA  |b SNKLA  |c SNKLA_DEP  |y NEVYP  |7 0  |p 17A1229197  |o snkM 244  |0 0  |1 0  |4 0  |d 2019-12-09  |f 1  |l 0  |r 2026-02-24 18:30:51  |w 2026-02-24